000 00345nam a2200133Ia 4500
005 20251222155153.0
008 251222s9999||||xx |||||||||||||| ||spa||
082 _aMEQ.254
100 _aSantiago Rosales Dr.
245 0 _aPrimeros auxilios atlas práctico de urgencias medicas
250 _a1ra. ed.
264 _bCultural S.A.
942 _cLIB
999 _c39638
_d39638